| 000 | 01869nam a2200325 i 4500 | ||
|---|---|---|---|
| 001 | 768714001 | ||
| 003 | CO-MdFUSB | ||
| 005 | 20240215113126.0 | ||
| 007 | ta | ||
| 008 | 240214t2023 ck |||| |||| 00| 0 spa d | ||
| 020 | _a9781955182737 | ||
| 040 |
_aCO-MdFUSB _bspa _cCO-MdFUSB _dCO-MdFUSBC _erda |
||
| 041 | _aspa | ||
| 082 |
_223 _a487.4 _bS4748gr |
||
| 100 |
_aSendek, Elizabeth _eautor |
||
| 245 | 1 |
_aGriego para Sancho : _buna introducción al griego del Nuevo Testamento _c/ Elizabeth Sendek , Henry de Jesús Periñán |
|
| 250 | _aTercera edición | ||
| 264 | 1 |
_bAcadémica 21, _aMedellín, Colombia : _c[2023] |
|
| 264 | 4 |
_bSeminario Bíblico de Colombia, _c©2023 |
|
| 300 |
_a325 páginas _c; 23 cm |
||
| 336 |
_2rdacontent _atexto _btxt |
||
| 337 |
_2rdamedia _asin mediación _bn |
||
| 338 |
_2rdacarrier _avolumen _bnc |
||
| 505 | _aMapa general: la gramática. -- De alfa a omega: los sonidos y las letras del griego. -- Signos y divisiones: puntuación y silabación. -- ¡Cámara! ¡acción!: introducción al verbo griego. -- Acción en marcha: verbo presente activo indicativo. -- Cambios en segunda: sustantivos y artículos de la segunda declinación. -- Cambios en primera: sustantivos y artículos de la primera declinación. -- ¿Y cómo es él? adjetivos de la primera y segunda declinación. -- ¿Quién habla?: pronombres personales. -- Relaciones, relaciones: preposiciones. -- ¿Ser o no ser? Verbo presente activo indicativo. -- El paciente y el agente: Verbo: voces media y pasiva. -- El pasado en acción: Verbo imperfecto. -- Lo que ha de venir: Verbo futuro activo y medio. -- El juego de las vocales: verbos contractos. -- Este, ese, aquel: pronombres demostrativos. | ||
| 563 | _aRústico | ||
| 650 | 7 |
_aLengua griega _2embne _97153 |
|
| 700 |
_aPeriñan, Henry de Jesús, _99093 _eautor |
||
| 942 | _cBK | ||
| 945 | _aJTF-925 | ||
| 999 |
_c69300 _d69300 |
||